000 00465nam a2200181Ia 4500
003 GCL
008 140319s9999 xx 000 0 ara d
040 _aGCL /
_cGCL
082 0 4 _a811.9
_bا ش
100 1 _aاحمد شوقى
245 1 0 _aالشوقيات /
_cاحمد شوقى
490 _a
650 0 4 _aالشعر العربى
650 0 4 _aالادب العربى
650 0 4 _aالعصر الحديث
650 0 4 _aاحمد شوقى
942 _2ddc
_cBK
999 _c40680
_d40680